000 00364nam a2200145Ia 4500
008 240624s9999 xx 000 0 und d
041 _aeng
082 _a650.1 DYG
100 _aDYGERT
245 _aCREATING A CULTURE OF SUCCESS
250 _a(2nd ed.)
260 _c2008
_aNew Delhi
_bPrentice-Hall of India
300 _a142 : p. : cm. ; 24
365 _cRS
_b36
999 _c10063
_d10063